| 000 | 00579nam a22001817a 4500 | ||
|---|---|---|---|
| 999 |
_c163162 _d163162 |
||
| 005 | 20190330110521.0 | ||
| 010 | _aENG-124959 | ||
| 020 |
_c595.00 _a9788178245003 |
||
| 035 | _aEN-108491 | ||
| 037 | _bDBAD/PUB | ||
| 082 | _a304.20954 | ||
| 100 | _aMahesh Rangarajan | ||
| 245 |
_aNature and nation: _cby Mahesh Rangarajan _bessays on enviromental history/ |
||
| 260 |
_aRanikhet _bPermanent Black _c2017 |
||
| 270 |
_a'Himalayana', Mall Road,667,Ranikhet Cantt, _bRanikhet _e263645 |
||
| 300 |
_aviii,346p. _c21cm (pbk) |
||
| 942 |
_2ddc _cEN _mMAH _h304.20954 |
||